000 00341nam a22001217a 4500
008 160512b xxu||||| |||| 00| 0 eng d
020 _a9780683078978
020 _a0683078976
041 _aeng
080 _a61
245 _aClinical gynecologic endocrinology and infertility:
_cLeon Speroff; Robert H. Glass;Nothan G. Kase;
942 _2udc
_cBK
999 _c2071
_d2071